Κατάλογος Βιβλιοθηκών Mediterranean College

Research Strategies in Historical Archaeology (Record no. 5617)

MARC details
000 -LEADER
fixed length control field 01619cam a22001934a 4500
005 - ΗΜΕΡΟΜΗΝΙΑ ΚΑΙ ΩΡΑ ΤΕΛΕΥΤΑΙΑΣ ΕΝΗΜΕΡΩΣΗΣ
Πεδίο ελέγχου 20250605163510.0
008 - FIXED-LENGTH DATA ELEMENTS--GENERAL INFORMATION
Πεδίο ελέγχου σταθερού μήκους 250528s ||||||||||||||||||||||||d
035 ## - SYSTEM CONTROL NUMBER
System control number 20517
020 ## - ISBN
ISBN 126557608
040 ## - ΠΗΓΗ ΚΑΤΑΛΟΓΟΓΡΑΦΗΣΗΣ
Φορέας πρωτότυπης καταλογογράφησης MC Athens Campus Library
Γλώσσα καταλογογράφησης Ελληνικά, Μοντέρνα (1453-)
Modifying agency MC Athens Campus Library
Κανόνες περιγραφικής καταλογογράφησης AACR2
245 1# - ΤΙΤΛΟΣ ΚΑΙ ΔΗΛΩΣΗ ΥΠΕΥΘΥΝΟΤΗΤΑΣ
Τίτλος Research Strategies in Historical Archaeology
260 ## - PUBLICATION, DISTRIBUTION, ETC.
Name of publisher, distributor, etc. A Panther Book
-- South Stanley,
Date of publication, distribution, etc. 1977
300 ## - PHYSICAL DESCRIPTION
Extent 346
505 0# - FORMATTED CONTENTS NOTE
Formatted contents note Foreword, Preface, Acknowledgements, Research Strategies in Historical Archaeology: The Scientific Paradigm, Toward a Unified Science of the Cultural Past, An Archaeological-Historical Analysis of Fort Watson: December 1780 - April 1781, Archeological Variability and Sociocultural Variability, A Subsurface Sampling Strategy for Archeological Reconnaissance, The Historical and Ecological Position of Protohistoric Sites in the Slate Mountains and South Central Arizona, Regularity and Variability in Contemporary Garbage, A Strategy for Getting the Job Done, Subject Index.
520 ## - SUMMARY, ETC.
Summary, etc. Foreword, Preface, Acknowledgements, Research Strategies in Historical Archaeology: The Scientific Paradigm, Toward a Unified Science of the Cultural Past, An Archaeological-Historical Analysis of Fort Watson: December 1780 - April 1781, Archeological Variability and Sociocultural Variability, A Subsurface Sampling Strategy for Archeological Reconnaissance, The Historical and Ecological Position of Protohistoric Sites in the Slate Mountains and South Central Arizona, Regularity and Variability in Contemporary Garbage, A Strategy for Getting the Job Done, Subject Index.
942 ## - ADDED ENTRY ELEMENTS (KOHA)
Koha item type Books
Holdings
Τύπος τεκμηρίου Βιβλιοθήκη Τρέχουσα τοποθεσία Barcode Αριθμός εισαγωγής Ημερομηνία απόκτησης Ταξιθετικό σύμβολο Αριθμός αντιτύπου Κατάσταση απόσυρσης Κατάσταση χαμένου Κατάσταση κατεστραμμένου Μη δανεισμός Σύνολο δανεισμών Ημερομηνία τελευταίας εμφάνισης Η τιμή ισχύει από
Books MC Athens Campus Library MC Athens Campus Library 9780000056160 6995 05/06/2025 930/.1/028 SOU 1           05/06/2025 05/06/2025

MC Athens Campus Library
Πατησίων 94 & Κοδριγκτώνος 13, 104 34
Πελλήνης 8 & Πατησίων 107, 112 51
Τ: +30 210 8899600

MC Thessaloniki Campus Library
Ίωνος Δραγούμη 21, 54625 | Ίωνος Δραγούμη 15, 54625
Τ: +30 2310 287779 – Τ: +30 2314 440300